Przyłącz państwo do losowej stolicy Afryki - Statystyki

Ogólne statystyki
  • Ten quiz został rozwiązany 182 razy
    50 od ostatniego zresetowania
  • Średni wynik to 7 z 10
Statystyki odpowiedzi
Stolica Państwo % Poprawnych
Algier Algieria
100%
Dżibuti Dżibuti
100%
Kair Egipt
100%
Libreville Gabon
100%
Konakry Gwinea
100%
Bissau Gwinea Bissau
100%
Nairobi Kenia
100%
Rabat Maroko
100%
Pretoria | Kapsztad | Johanersburg Republika Południowej Afryki
100%
Dakar Senegal
100%
Chartum Sudan
100%
Tunis Tunezja
100%
Jamusukro Wybrzeże Kości Słoniowej
100%
São Tomé Wyspy Świętego Tomasza i Książęca
100%
Antananarywa Madagaskar
83%
Maputo Mozambik
83%
Dżuba Sudan Południowy
83%
Bamako Mali
80%
Niamey Niger
80%
Mogadiszu Somalia
80%
Brazzaville Kongo
78%
Addis Abeba Etiopia
75%
Windhuk Namibia
75%
Harare Zimbabwe
75%
Lomé Togo
71%
Ndżamena Czad
67%
Mbabane Eswatini
67%
Praia Republika Zielonego Przylądka
67%
Luanda Angola
60%
Gitega Burundi
60%
Malabo Gwinea Równikowa
60%
Maseru Lesotho
60%
Trypolis Libia
60%
Lilongwe Malawi
60%
Abudża Nigeria
60%
Dodoma Tanzania
60%
Bangi Republika Środkowoafrykańska
57%
Wagadugu Burkina Faso
50%
Kinszasa Demokratyczna Republika Konga
50%
Akra Ghana
50%
Nawakszut Mauretania
50%
Port Louis Mauritius
50%
Gaborone Botswana
43%
Bandżul Gambia
43%
Moroni Komory
43%
Kampala Uganda
43%
Lusaka Zambia
43%
Asmara Erytrea
40%
Monrovia Liberia
40%
Kigali Rwanda
40%
Victoria Seszele
40%
Porto-Novo | Kotonu Benin
33%
Freetown Sierra Leone
25%
Nie znaleziono quizów pasujących do podanych kryteriów
Rozkład punktacji
Procent ludzi z każdym wynikiem
Percentyl według liczby udzielonych odpowiedzi
Twoja historia wyników
Nie rozwiązałeś tego quizu od ostatniego zresetowania